Krashna mahime mattu shri krashna namada mahime : Bhaktipara shlokagalu: sangraha jodane: anuvada tike tippani sahita (Record no. 139837)
[ view plain ]
| 000 -LEADER | |
|---|---|
| fixed length control field | 00838nam a2200193Ia 4500 |
| 003 - CONTROL NUMBER IDENTIFIER | |
| control field | OSt |
| 005 - DATE AND TIME OF LATEST TRANSACTION | |
| control field | 20251118110719.0 |
| 008 - FIXED-LENGTH DATA ELEMENTS--GENERAL INFORMATION | |
| fixed length control field | 210210b2009 xxu||||| |||| 00| 0 eng d |
| 040 ## - CATALOGING SOURCE | |
| Transcribing agency | AL |
| 041 ## - LANGUAGE CODE | |
| Language code of text/sound track or separate title | Kannada |
| 082 ## - DEWEY DECIMAL CLASSIFICATION NUMBER | |
| Classification number | 294.5211K VIDK |
| 100 ## - MAIN ENTRY--PERSONAL NAME | |
| Personal name | VIDYANANDA SVAMIJI |
| 9 (RLIN) | 100083 |
| Dates associated with a name | ವಿದ್ಯಾನಂದ ಸ್ವಾಮೀಜಿ |
| 245 ## - TITLE STATEMENT | |
| Title | Krashna mahime mattu shri krashna namada mahime : Bhaktipara shlokagalu: sangraha jodane: anuvada tike tippani sahita |
| Remainder of title | ಕೃಷ್ಣ ಮಹಿಮೆ ಮತ್ತು ಶ್ರೀಕೃಷ್ಣ ನಾಮದ ಮಹಿಮೆ : ಶ್ಲೋಕಗಳು: ಸಂಗ್ರಹ ಜೋಡಣೆ : ಅನುವಾದ ಠೀಕೆ ಟಿಪ್ಪಣಿ ಸಹಿತ |
| 260 ## - PUBLICATION, DISTRIBUTION, ETC. | |
| Place of publication, distribution, etc. | Mangaluru |
| Name of publisher, distributor, etc. | - |
| Date of publication, distribution, etc. | 2009 |
| 300 ## - PHYSICAL DESCRIPTION | |
| Extent | xiv,82 |
| 690 ## - LOCAL SUBJECT ADDED ENTRY--TOPICAL TERM (OCLC, RLIN) | |
| Topical term or geographic name as entry element | Hinduism |
| 9 (RLIN) | 100084 |
| 906 ## - LOCAL DATA ELEMENT F, LDF (RLIN) | |
| a | 064119 |
| 942 ## - ADDED ENTRY ELEMENTS (KOHA) | |
| Source of classification or shelving scheme | Dewey Decimal Classification |
| Koha item type | Book |
| Withdrawn status | Lost status | Source of classification or shelving scheme | Damaged status | Not for loan | Collection code | Home library | Current library | Shelving location | Date acquired | Source of acquisition | Cost, normal purchase price | Total Checkouts | Full call number | Barcode | Date last seen | Price effective from | Koha item type |
|---|---|---|---|---|---|---|---|---|---|---|---|---|---|---|---|---|---|
| Dewey Decimal Classification | Others | St Aloysius Library | St Aloysius Library | 02/17/2021 | Shrikrishna Seva Prakashana, Mangalore | 50.00 | 294.5211K VIDK | 064120 | 02/17/2021 | 02/17/2021 | Book | ||||||
| Dewey Decimal Classification | Others | St Aloysius Library | St Aloysius Library | 02/17/2021 | Shrikrishna Seva Prakashana, Mangalore | 50.00 | 294.5211K VIDK | 064119 | 02/17/2021 | 02/17/2021 | Book |